[Event "Khazar Cup 2016 (A) Master Tournament"]
[Site "Zibakenar,Iran"]
[Date "2016.02.13"]
[Round "3"]
[Board "1"]
[White "Soozankar, A.M."]
[Black "Volkov, Sergey"]
[Result "0-1"]
[WhiteElo "2386"]
[BlackElo "2607"]
[PlyCount "0"]
[EventDate "2016.02.11"]
[EventRounds "9"]
[EventCountry "IRI"]

1. e4 {[%clk 1:30:56]} e6 {[%clk 1:30:55]} 2. d4 {[%clk 1:31:17]} d5
{[%clk 1:31:19]} 3. exd5 {[%clk 1:31:41]} exd5 {[%clk 1:31:42]} 4. Nf3
{[%clk 1:32:02]} Nc6 {[%clk 1:31:58]} 5. c3 {[%clk 1:32:26]} Bd6 {[%clk 1:31:37]}
6. Bd3 {[%clk 1:32:51]} Bg4 {[%clk 1:31:12]} 7. O-O {[%clk 1:33:11]} Nge7
{[%clk 1:31:30]} 8. Nbd2 {[%clk 1:33:16]} Qd7 {[%clk 1:31:47]} 9. Re1
{[%clk 1:33:41]} h6 {[%clk 1:30:48]} 10. Qc2 {[%clk 1:27:59]} O-O
{[%clk 1:29:05]} 11. Ne5 {[%clk 1:26:11]} Nxe5 {[%clk 1:23:07]} 12. dxe5
{[%clk 1:26:36]} Bc5 {[%clk 1:23:33]} 13. Nb3 {[%clk 1:23:06]} Bb6
{[%clk 1:22:04]} 14. Be3 {[%clk 1:23:10]} Bxe3 {[%clk 1:21:58]} 15. Rxe3
{[%clk 1:23:35]} b6 {[%clk 1:22:15]} 16. Qd2 {[%clk 1:09:06]} c5 {[%clk 1:20:53]}
17. Bc2 {[%clk 1:08:41]} Rfe8 {[%clk 1:14:06]} 18. Rae1 {[%clk 1:07:18]} Rad8
{[%clk 1:12:54]} 19. Rg3 {[%clk 1:03:32]} Qe6 {[%clk 1:10:46]} 20. f4
{[%clk 0:49:21]} Bf5 {[%clk 1:08:24]} 21. Bxf5 {[%clk 0:46:12]} Qxf5
{[%clk 1:08:14]} 22. Rd1 {[%clk 0:42:54]} Ng6 {[%clk 0:57:08]} 23. Rf3
{[%clk 0:42:39]} a5 {[%clk 0:52:47]} 24. Nc1 {[%clk 0:39:57]} d4 {[%clk 0:49:19]}
25. c4 {[%clk 0:28:20]} Nh4 {[%clk 0:45:10]} 26. Rg3 {[%clk 0:25:17]} Qe6
{[%clk 0:44:08]} 27. b3 {[%clk 0:23:57]} Nf5 {[%clk 0:44:00]} 28. Rf3
{[%clk 0:24:16]} a4 {[%clk 0:42:17]} 29. Nd3 {[%clk 0:22:44]} Ne3
{[%clk 0:39:03]} 30. Rb1 {[%clk 0:22:50]} Qf5 {[%clk 0:37:33]} 31. Rc1
{[%clk 0:22:11]} axb3 {[%clk 0:37:23]} 32. axb3 {[%clk 0:22:39]} Ra8
{[%clk 0:37:47]} 33. Ne1 {[%clk 0:22:58]} Ra3 {[%clk 0:34:47]} 34. Nc2
{[%clk 0:22:35]} Rxb3 {[%clk 0:34:09]} 35. Nxd4 {[%clk 0:11:45]} cxd4
{[%clk 0:33:19]} 36. Qxd4 {[%clk 0:12:12]} Rd3 {[%clk 0:23:13]} 37. Qxb6
{[%clk 0:12:36]} Qe4 {[%clk 0:23:07]} 0-1

[Event "Khazar Cup 2016 (A) Master Tournament"]
[Site "Zibakenar,Iran"]
[Date "2016.02.13"]
[Round "3"]
[Board "2"]
[White "Grabliauskas, Virginijus"]
[Black "Gabuzyan, Hovhannes"]
[Result "0-1"]
[WhiteElo "2322"]
[BlackElo "2593"]
[PlyCount "0"]
[EventDate "2016.02.11"]
[EventRounds "9"]
[EventCountry "IRI"]

1. d4 {[%clk 1:30:57]} Nf6 {[%clk 1:30:55]} 2. Nf3 {[%clk 1:31:21]} g6
{[%clk 1:31:17]} 3. g3 {[%clk 1:31:45]} c5 {[%clk 1:31:41]} 4. c3
{[%clk 1:30:57]} b6 {[%clk 1:31:19]} 5. d5 {[%clk 1:30:52]} Bg7 {[%clk 1:30:16]}
6. Bg2 {[%clk 1:30:46]} O-O {[%clk 1:30:40]} 7. O-O {[%clk 1:30:56]} d6
{[%clk 1:30:53]} 8. Re1 {[%clk 1:30:40]} Nbd7 {[%clk 1:29:55]} 9. a4
{[%clk 1:27:40]} Re8 {[%clk 1:28:00]} 10. Na3 {[%clk 1:26:44]} Bb7
{[%clk 1:26:18]} 11. e4 {[%clk 1:26:10]} e5 {[%clk 1:26:30]} 12. dxe6
{[%clk 1:18:26]} Rxe6 {[%clk 1:26:57]} 13. Ng5 {[%clk 1:18:26]} Re7
{[%clk 1:27:22]} 14. Nb5 {[%clk 1:13:32]} Ne5 {[%clk 1:24:28]} 15. f4
{[%clk 0:47:03]} Nc4 {[%clk 1:24:49]} 16. b3 {[%clk 0:46:00]} a6 {[%clk 1:24:51]}
17. bxc4 {[%clk 0:41:49]} axb5 {[%clk 1:25:15]} 18. cxb5 {[%clk 0:38:33]} h6
{[%clk 1:25:40]} 19. e5 {[%clk 0:38:24]} Bxg2 {[%clk 1:25:08]} 20. Kxg2
{[%clk 0:34:08]} hxg5 {[%clk 1:17:45]} 21. exf6 {[%clk 0:34:30]} Rxe1
{[%clk 1:18:03]} 22. Qxe1 {[%clk 0:34:58]} Qxf6 {[%clk 1:18:28]} 23. Bd2
{[%clk 0:28:43]} g4 {[%clk 1:18:35]} 24. Qe4 {[%clk 0:26:44]} d5 {[%clk 1:17:26]}
25. Qd3 {[%clk 0:25:46]} c4 {[%clk 1:17:33]} 26. Qe3 {[%clk 0:23:16]} Qd6
{[%clk 1:16:12]} 27. Be1 {[%clk 0:14:51]} d4 {[%clk 1:14:46]} 28. Qe4
{[%clk 0:14:56]} Rc8 {[%clk 1:15:13]} 29. cxd4 {[%clk 0:13:51]} f5
{[%clk 1:14:50]} 30. Qb7 {[%clk 0:13:45]} Re8 {[%clk 1:13:00]} 31. Qc6
{[%clk 0:11:03]} Re2+ {[%clk 1:12:53]} 32. Kf1 {[%clk 0:10:44]} Qxd4
{[%clk 1:12:02]} 33. Rd1 {[%clk 0:02:09]} Rf2+ {[%clk 1:11:47]} 34. Bxf2
{[%clk 0:02:25]} Qxd1+ {[%clk 1:12:15]} 35. Kg2 {[%clk 0:02:04]} c3
{[%clk 1:11:16]} 36. Qxg6 {[%clk 0:01:45]} Qd5+ {[%clk 1:11:42]} 37. Kg1
{[%clk 0:01:29]} Qd7 {[%clk 1:10:28]} 38. Kg2 {[%clk 0:00:44]} c2
{[%clk 1:06:26]} 0-1

[Event "Khazar Cup 2016 (A) Master Tournament"]
[Site "Zibakenar,Iran"]
[Date "2016.02.13"]
[Round "3"]
[Board "3"]
[White "Malaniuk, Vladimir P"]
[Black "Maghsoodloo, Parham"]
[Result "1/2-1/2"]
[WhiteElo "2482"]
[BlackElo "2461"]
[PlyCount "0"]
[EventDate "2016.02.11"]
[EventRounds "9"]
[EventCountry "IRI"]

1. d4 {[%clk 1:30:59]} Nf6 {[%clk 1:30:50]} 2. Nf3 {[%clk 1:31:04]} g6
{[%clk 1:30:50]} 3. c3 {[%clk 1:30:18]} Bg7 {[%clk 1:30:46]} 4. Bg5
{[%clk 1:30:41]} d6 {[%clk 1:26:51]} 5. Nbd2 {[%clk 1:30:28]} Nbd7
{[%clk 1:25:53]} 6. e4 {[%clk 1:26:16]} e5 {[%clk 1:23:21]} 7. Bd3
{[%clk 1:20:19]} O-O {[%clk 1:23:33]} 8. O-O {[%clk 1:20:27]} c6 {[%clk 1:19:21]}
9. Re1 {[%clk 1:19:24]} Qc7 {[%clk 1:19:12]} 10. h3 {[%clk 1:09:50]} Re8
{[%clk 1:17:17]} 11. Qc2 {[%clk 1:09:27]} b6 {[%clk 1:14:20]} 12. a4
{[%clk 1:08:25]} Nh5 {[%clk 1:03:14]} 13. Be3 {[%clk 1:00:20]} h6
{[%clk 0:50:41]} 14. b4 {[%clk 0:58:30]} Nf4 {[%clk 0:49:07]} 15. Bf1
{[%clk 0:55:32]} g5 {[%clk 0:48:25]} 16. Rad1 {[%clk 0:46:40]} Nf6
{[%clk 0:45:09]} 17. dxe5 {[%clk 0:45:22]} dxe5 {[%clk 0:45:33]} 18. Nc4
{[%clk 0:45:13]} Bf8 {[%clk 0:43:54]} 19. Bc1 {[%clk 0:39:23]} Ng6
{[%clk 0:36:26]} 20. Ne3 {[%clk 0:39:26]} Be6 {[%clk 0:36:14]} 21. Bb2
{[%clk 0:33:19]} a6 {[%clk 0:29:44]} 22. g3 {[%clk 0:24:38]} b5 {[%clk 0:27:50]}
23. Ra1 {[%clk 0:25:02]} Qb7 {[%clk 0:27:41]} 24. Nd2 {[%clk 0:21:08]} c5
{[%clk 0:27:00]} 25. axb5 {[%clk 0:20:12]} axb5 {[%clk 0:27:25]} 26. Rxa8
{[%clk 0:20:05]} Rxa8 {[%clk 0:27:49]} 27. bxc5 {[%clk 0:20:31]} Bxc5
{[%clk 0:28:13]} 28. Bg2 {[%clk 0:20:35]} Rd8 {[%clk 0:26:04]} 29. Nb3
{[%clk 0:18:17]} Bb6 {[%clk 0:24:56]} 30. Ba3 {[%clk 0:17:54]} Qa7
{[%clk 0:24:32]} 31. Qb2 {[%clk 0:12:20]} Bxe3 {[%clk 0:19:17]} 32. Rxe3
{[%clk 0:07:32]} Qa4 {[%clk 0:19:40]} 33. Nc5 {[%clk 0:07:56]} Qd1+
{[%clk 0:20:08]} 34. Kh2 {[%clk 0:08:17]} Bxh3 {[%clk 0:18:41]} 35. Bxh3
{[%clk 0:07:26]} Rd2 {[%clk 0:18:55]} 36. Rd3 {[%clk 0:07:52]} Rxd3
{[%clk 0:18:56]} 37. Nxd3 {[%clk 0:08:20]} Qxd3 {[%clk 0:19:20]} 38. Bf5
{[%clk 0:08:41]} Qf3 {[%clk 0:18:34]} 39. Bxg6 {[%clk 0:05:19]} fxg6
{[%clk 0:17:38]} 40. Bc5 {[%clk 0:05:48]} h5 {[%clk 0:15:26]} 41. Qa2+
{[%clk 0:04:52]} Kh8 {[%clk 0:14:15]} 42. Qa8+ {[%clk 0:05:13]} Ng8
{[%clk 0:14:30]} 43. Qd5 {[%clk 0:04:55]} Qf6 {[%clk 0:11:51]} 44. Kg2
{[%clk 0:04:07]} Nh6 {[%clk 0:11:47]} 45. Qa8+ {[%clk 0:04:27]} Kg7
{[%clk 0:11:16]} 46. Qb7+ {[%clk 0:04:54]} Nf7 {[%clk 0:11:42]} 47. Qxb5
{[%clk 0:04:33]} g4 {[%clk 0:11:58]} 48. Qd3 {[%clk 0:04:53]} Ng5
{[%clk 0:12:00]} 49. Qd7+ {[%clk 0:03:19]} Qf7 {[%clk 0:11:50]} 50. Qd6
{[%clk 0:03:35]} Qf6 {[%clk 0:06:31]} 51. Qd7+ {[%clk 0:03:23]} Nf7
{[%clk 0:04:07]} 52. Kg1 {[%clk 0:03:28]} Qf3 {[%clk 0:03:52]} 53. Qe7
{[%clk 0:03:52]} g5 {[%clk 0:03:16]} 54. Be3 {[%clk 0:03:17]} Kg6
{[%clk 0:03:10]} 55. Qe6+ {[%clk 0:03:37]} Kg7 {[%clk 0:03:11]} 56. Qe7
{[%clk 0:03:58]} Kg6 {[%clk 0:02:58]} 1/2-1/2

[Event "Khazar Cup 2016 (A) Master Tournament"]
[Site "Zibakenar,Iran"]
[Date "2016.02.13"]
[Round "3"]
[Board "4"]
[White "Mosadeghpour, Masoud"]
[Black "Starostits, Ilmars"]
[Result "1-0"]
[WhiteElo "2462"]
[BlackElo "2437"]
[PlyCount "0"]
[EventDate "2016.02.11"]
[EventRounds "9"]
[EventCountry "IRI"]

1. e4 {[%clk 1:30:57]} b6 {[%clk 1:30:51]} 2. d4 {[%clk 1:30:54]} Bb7
{[%clk 1:31:13]} 3. Bd3 {[%clk 1:31:17]} e6 {[%clk 1:31:13]} 4. Nf3
{[%clk 1:31:19]} d5 {[%clk 1:28:31]} 5. Nbd2 {[%clk 1:30:34]} Nf6
{[%clk 1:27:35]} 6. e5 {[%clk 1:28:41]} Nfd7 {[%clk 1:27:35]} 7. O-O
{[%clk 1:28:17]} c5 {[%clk 1:27:31]} 8. c3 {[%clk 1:28:46]} Ba6 {[%clk 1:23:40]}
9. Bxa6 {[%clk 1:16:45]} Nxa6 {[%clk 1:24:05]} 10. Qe2 {[%clk 1:10:00]} Nc7
{[%clk 1:21:47]} 11. Rd1 {[%clk 1:09:46]} Be7 {[%clk 1:19:42]} 12. Nf1
{[%clk 1:06:38]} O-O {[%clk 1:06:04]} 13. b3 {[%clk 1:04:30]} b5 {[%clk 1:02:37]}
14. dxc5 {[%clk 1:04:24]} Nxc5 {[%clk 1:01:26]} 15. Ng3 {[%clk 1:03:04]} a5
{[%clk 1:00:08]} 16. Nd4 {[%clk 0:53:12]} Qd7 {[%clk 0:55:45]} 17. Nh5
{[%clk 0:52:59]} Kh8 {[%clk 0:52:18]} 18. Bf4 {[%clk 0:44:37]} a4
{[%clk 0:46:11]} 19. Rab1 {[%clk 0:39:23]} axb3 {[%clk 0:46:28]} 20. axb3
{[%clk 0:39:51]} b4 {[%clk 0:41:36]} 21. cxb4 {[%clk 0:38:31]} Ne4
{[%clk 0:42:00]} 22. Rbc1 {[%clk 0:37:29]} Bxb4 {[%clk 0:40:54]} 23. Nc2
{[%clk 0:36:50]} Nc3 {[%clk 0:35:59]} 24. Qg4 {[%clk 0:36:58]} Rg8
{[%clk 0:33:36]} 25. Nxb4 {[%clk 0:29:22]} Nxd1 {[%clk 0:34:00]} 26. Rxd1
{[%clk 0:29:40]} Ra3 {[%clk 0:33:22]} 27. Bg5 {[%clk 0:23:52]} Rxb3
{[%clk 0:31:50]} 28. Nf6 {[%clk 0:23:50]} Qa4 {[%clk 0:31:39]} 29. Qh5
{[%clk 0:23:53]} Rh3 {[%clk 0:30:03]} 30. Qg4 {[%clk 0:17:42]} Rb3
{[%clk 0:29:16]} 31. Rc1 {[%clk 0:15:15]} Ne8 {[%clk 0:22:11]} 32. Nxh7
{[%clk 0:13:45]} g6 {[%clk 0:19:05]} 33. Qh4 {[%clk 0:13:35]} 1-0

[Event "Khazar Cup 2016 (A) Master Tournament"]
[Site "Zibakenar,Iran"]
[Date "2016.02.13"]
[Round "3"]
[Board "5"]
[White "Tiviakov, Sergei"]
[Black "Sadeh, Shahin"]
[Result "1-0"]
[WhiteElo "2613"]
[BlackElo "2321"]
[PlyCount "0"]
[EventDate "2016.02.11"]
[EventRounds "9"]
[EventCountry "IRI"]

1. e4 {[%clk 1:30:30]} g6 {[%clk 1:30:52]} 2. d4 {[%clk 1:31:23]} Bg7
{[%clk 1:31:17]} 3. c3 {[%clk 1:31:48]} d5 {[%clk 1:31:38]} 4. exd5
{[%clk 1:26:28]} Qxd5 {[%clk 1:32:05]} 5. Nf3 {[%clk 1:26:52]} Nf6
{[%clk 1:32:24]} 6. Be2 {[%clk 1:26:39]} O-O {[%clk 1:32:44]} 7. O-O
{[%clk 1:26:54]} c5 {[%clk 1:32:53]} 8. Na3 {[%clk 1:23:57]} cxd4
{[%clk 1:29:12]} 9. Nxd4 {[%clk 1:20:55]} a6 {[%clk 1:26:13]} 10. Nc4
{[%clk 1:17:52]} Nbd7 {[%clk 1:13:09]} 11. a4 {[%clk 1:18:09]} e5
{[%clk 1:08:02]} 12. Nb3 {[%clk 1:15:23]} Qe6 {[%clk 1:02:47]} 13. Qd6
{[%clk 1:13:53]} Re8 {[%clk 1:01:24]} 14. Rd1 {[%clk 1:12:06]} Bf8
{[%clk 0:57:06]} 15. Qxe6 {[%clk 1:11:33]} Rxe6 {[%clk 0:57:33]} 16. a5
{[%clk 1:00:50]} b5 {[%clk 0:53:08]} 17. axb6 {[%clk 1:00:51]} Nxb6
{[%clk 0:53:34]} 18. Nca5 {[%clk 0:54:49]} Bd7 {[%clk 0:48:52]} 19. Be3
{[%clk 0:52:10]} Ba4 {[%clk 0:39:39]} 20. c4 {[%clk 0:51:56]} Bb4
{[%clk 0:38:10]} 21. Rdc1 {[%clk 0:44:18]} Bxb3 {[%clk 0:36:59]} 22. Nxb3
{[%clk 0:44:38]} a5 {[%clk 0:36:52]} 23. Nc5 {[%clk 0:38:13]} Bxc5
{[%clk 0:28:36]} 24. Bxc5 {[%clk 0:36:33]} Rc6 {[%clk 0:28:51]} 25. Be3
{[%clk 0:35:28]} a4 {[%clk 0:22:41]} 26. c5 {[%clk 0:25:07]} Nbd5
{[%clk 0:23:06]} 27. Bb5 {[%clk 0:25:33]} Rc7 {[%clk 0:23:23]} 28. Bxa4
{[%clk 0:25:51]} Nxe3 {[%clk 0:23:32]} 29. fxe3 {[%clk 0:26:16]} Nd5
{[%clk 0:23:21]} 30. e4 {[%clk 0:14:04]} Nf4 {[%clk 0:19:07]} 31. Rc2
{[%clk 0:14:20]} Nd3 {[%clk 0:19:18]} 32. c6 {[%clk 0:14:41]} Nb4
{[%clk 0:18:59]} 33. Rcc1 {[%clk 0:05:24]} Nd3 {[%clk 0:15:48]} 34. Bb5
{[%clk 0:05:55]} Rxa1 {[%clk 0:13:47]} 35. Rxa1 {[%clk 0:06:23]} Nc5
{[%clk 0:14:09]} 36. Rd1 {[%clk 0:06:24]} Kf8 {[%clk 0:13:21]} 37. Rd8+
{[%clk 0:06:37]} Ke7 {[%clk 0:13:49]} 38. Rd5 {[%clk 0:06:59]} Ne6
{[%clk 0:13:40]} 39. Rxe5 {[%clk 0:07:21]} Ra7 {[%clk 0:14:06]} 40. Rd5
{[%clk 0:06:56]} Ra1+ {[%clk 0:13:44]} 41. Kf2 {[%clk 0:06:43]} Rb1
{[%clk 0:13:40]} 42. Rd2 {[%clk 0:06:50]} Nc5 {[%clk 0:13:42]} 43. c7
{[%clk 0:03:53]} Nxe4+ {[%clk 0:14:10]} 44. Ke3 {[%clk 0:04:12]} Re1+
{[%clk 0:14:38]} 45. Be2 {[%clk 0:03:43]} 1-0

[Event "Khazar Cup 2016 (A) Master Tournament"]
[Site "Zibakenar,Iran"]
[Date "2016.02.13"]
[Round "3"]
[Board "6"]
[White "Grigoryan, Karen H."]
[Black "Faghirnavaz, Ali"]
[Result "1-0"]
[WhiteElo "2606"]
[BlackElo "2319"]
[PlyCount "0"]
[EventDate "2016.02.11"]
[EventRounds "9"]
[EventCountry "IRI"]

1. d4 {[%clk 1:30:50]} Nf6 {[%clk 1:30:54]} 2. c4 {[%clk 1:31:15]} c5
{[%clk 1:31:19]} 3. d5 {[%clk 1:31:41]} e6 {[%clk 1:31:45]} 4. Nc3
{[%clk 1:32:08]} exd5 {[%clk 1:32:11]} 5. cxd5 {[%clk 1:32:35]} d6
{[%clk 1:32:37]} 6. Nf3 {[%clk 1:33:00]} g6 {[%clk 1:33:02]} 7. Bf4
{[%clk 1:33:27]} a6 {[%clk 1:33:11]} 8. Nd2 {[%clk 1:33:47]} Nh5 {[%clk 1:30:44]}
9. Qa4+ {[%clk 1:33:31]} Qd7 {[%clk 1:13:38]} 10. Qe4+ {[%clk 1:33:51]} Kd8
{[%clk 1:05:16]} 11. h3 {[%clk 1:33:19]} Nxf4 {[%clk 0:58:23]} 12. Qxf4
{[%clk 1:33:01]} Qf5 {[%clk 0:57:45]} 13. Qa4 {[%clk 1:26:21]} Nd7
{[%clk 0:52:03]} 14. e4 {[%clk 1:22:40]} Qf6 {[%clk 0:51:36]} 15. Be2
{[%clk 1:21:10]} Qg5 {[%clk 0:37:16]} 16. Nf3 {[%clk 1:19:32]} Qh6
{[%clk 0:30:46]} 17. e5 {[%clk 1:18:26]} dxe5 {[%clk 0:30:13]} 18. d6
{[%clk 1:18:14]} f5 {[%clk 0:24:12]} 19. h4 {[%clk 1:14:32]} Qf4 {[%clk 0:21:19]}
20. Qc2 {[%clk 1:13:41]} Bh6 {[%clk 0:18:24]} 21. Nd5 {[%clk 1:10:50]} Qe4
{[%clk 0:18:38]} 22. Qd1 {[%clk 1:10:26]} b5 {[%clk 0:14:58]} 23. Nc7
{[%clk 1:08:08]} Rb8 {[%clk 0:14:46]} 24. h5 {[%clk 1:02:45]} g5 {[%clk 0:12:38]}
25. O-O {[%clk 0:58:29]} Bb7 {[%clk 0:12:41]} 26. Qd2 {[%clk 0:57:39]} Qb4
{[%clk 0:10:06]} 27. Qc2 {[%clk 0:49:19]} Kc8 {[%clk 0:03:20]} 28. Qxf5
{[%clk 0:47:49]} Qf4 {[%clk 0:03:39]} 29. Qe6 {[%clk 0:45:50]} e4
{[%clk 0:00:41]} 30. Nd4 {[%clk 0:42:21]} Qf6 {[%clk 0:00:31]} 31. Bg4
{[%clk 0:42:02]} Qxe6 {[%clk 0:00:39]} 32. Ncxe6 {[%clk 0:42:00]} Ne5
{[%clk 0:00:34]} 33. d7+ {[%clk 0:38:36]} Kxd7 {[%clk 0:01:03]} 34. Nxc5+
{[%clk 0:39:01]} Kd6 {[%clk 0:00:33]} 35. Nxb7+ {[%clk 0:38:41]} Rxb7
{[%clk 0:00:37]} 36. Bf5 {[%clk 0:38:30]} Kd5 {[%clk 0:00:35]} 37. Rfe1
{[%clk 0:36:10]} Rc7 {[%clk 0:00:31]} 38. Rad1 {[%clk 0:35:15]} Nd3
{[%clk 0:00:35]} 39. Bxe4+ {[%clk 0:35:14]} Kxd4 {[%clk 0:01:04]} 40. Rxd3+
{[%clk 0:35:32]} Ke5 {[%clk 0:01:02]} 41. Bxh7+ {[%clk 0:35:55]} 1-0

[Event "Khazar Cup 2016 (A) Master Tournament"]
[Site "Zibakenar,Iran"]
[Date "2016.02.13"]
[Round "3"]
[Board "7"]
[White "Ghaem Maghami, Ehsan"]
[Black "Ziatdinov, Raset"]
[Result "1-0"]
[WhiteElo "2570"]
[BlackElo "2310"]
[PlyCount "0"]
[EventDate "2016.02.11"]
[EventRounds "9"]
[EventCountry "IRI"]

1. d4 {[%clk 1:30:32]} d5 {[%clk 1:30:57]} 2. Nf3 {[%clk 1:30:50]} Nf6
{[%clk 1:31:25]} 3. c4 {[%clk 1:31:04]} e6 {[%clk 1:31:51]} 4. Nc3
{[%clk 1:29:06]} Be7 {[%clk 1:32:17]} 5. g3 {[%clk 1:29:19]} O-O {[%clk 1:32:32]}
6. Bg2 {[%clk 1:29:40]} c6 {[%clk 1:32:19]} 7. O-O {[%clk 1:29:43]} b6
{[%clk 1:32:44]} 8. Bf4 {[%clk 1:29:24]} Bb7 {[%clk 1:32:44]} 9. Rc1
{[%clk 1:28:49]} Nbd7 {[%clk 1:32:18]} 10. cxd5 {[%clk 1:28:34]} Nxd5
{[%clk 1:31:49]} 11. Nxd5 {[%clk 1:28:27]} exd5 {[%clk 1:32:16]} 12. Qa4
{[%clk 1:24:29]} Bf6 {[%clk 1:25:12]} 13. Rfe1 {[%clk 1:14:35]} Re8
{[%clk 1:25:23]} 14. Rxc6 {[%clk 1:14:41]} Nc5 {[%clk 1:19:05]} 15. Rxc5
{[%clk 1:11:39]} bxc5 {[%clk 1:17:53]} 16. dxc5 {[%clk 1:11:58]} Qc8
{[%clk 1:15:04]} 17. Qc2 {[%clk 1:08:41]} Qc6 {[%clk 1:01:37]} 18. Bg5
{[%clk 0:49:05]} Ba6 {[%clk 0:53:45]} 19. Bxf6 {[%clk 0:45:46]} Qxf6
{[%clk 0:51:14]} 20. Qd2 {[%clk 0:41:52]} Rac8 {[%clk 0:47:53]} 21. b4
{[%clk 0:41:43]} Bc4 {[%clk 0:45:04]} 22. Nd4 {[%clk 0:39:45]} a5
{[%clk 0:43:15]} 23. a3 {[%clk 0:37:44]} axb4 {[%clk 0:43:20]} 24. axb4
{[%clk 0:38:04]} Ra8 {[%clk 0:43:48]} 25. Qf4 {[%clk 0:36:14]} Qa6
{[%clk 0:37:50]} 26. h4 {[%clk 0:30:32]} Qa2 {[%clk 0:33:48]} 27. Nf5
{[%clk 0:21:38]} Rxe2 {[%clk 0:21:23]} 28. Rxe2 {[%clk 0:21:45]} Qxe2
{[%clk 0:20:42]} 29. Qd4 {[%clk 0:21:49]} Qe1+ {[%clk 0:21:01]} 30. Kh2
{[%clk 0:21:44]} Qa1 {[%clk 0:21:27]} 31. Qxa1 {[%clk 0:16:10]} Rxa1
{[%clk 0:21:54]} 32. c6 {[%clk 0:16:23]} Ba6 {[%clk 0:09:14]} 33. c7
{[%clk 0:14:56]} Rb1 {[%clk 0:08:25]} 34. Nd6 {[%clk 0:14:14]} Rxb4
{[%clk 0:06:51]} 35. Bf1 {[%clk 0:14:38]} Rc4 {[%clk 0:04:54]} 36. Bxc4
{[%clk 0:15:02]} dxc4 {[%clk 0:05:18]} 37. Nxc4 {[%clk 0:15:28]} 1-0

[Event "Khazar Cup 2016 (A) Master Tournament"]
[Site "Zibakenar,Iran"]
[Date "2016.02.13"]
[Round "3"]
[Board "8"]
[White "Morchiashvili, Bachana"]
[Black "Idani, Pouya"]
[Result "1/2-1/2"]
[WhiteElo "2342"]
[BlackElo "2568"]
[PlyCount "0"]
[EventDate "2016.02.11"]
[EventRounds "9"]
[EventCountry "IRI"]

1. d4 {[%clk 1:30:56]} Nf6 {[%clk 1:30:55]} 2. c4 {[%clk 1:31:19]} c5
{[%clk 1:31:21]} 3. d5 {[%clk 1:30:49]} e6 {[%clk 1:31:47]} 4. Nc3
{[%clk 1:31:02]} exd5 5. cxd5 {[%clk 1:31:28]} d6 {[%clk 1:32:36]} 6. e4
{[%clk 1:31:36]} g6 {[%clk 1:33:02]} 7. f4 {[%clk 1:30:16]} Bg7 {[%clk 1:33:26]}
8. Bb5+ {[%clk 1:30:40]} Nfd7 {[%clk 1:33:53]} 9. a4 {[%clk 1:31:04]} Na6
{[%clk 1:34:21]} 10. Nf3 {[%clk 1:30:33]} Nb4 {[%clk 1:34:41]} 11. O-O
{[%clk 1:29:02]} a6 {[%clk 1:34:12]} 12. Bxd7+ {[%clk 1:19:40]} Bxd7
{[%clk 1:33:33]} 13. f5 {[%clk 1:19:44]} O-O {[%clk 1:30:12]} 14. Bg5
{[%clk 1:18:29]} Bf6 {[%clk 1:29:08]} 15. Qd2 {[%clk 1:15:04]} gxf5
{[%clk 1:20:04]} 16. Rae1 {[%clk 1:11:34]} Bxg5 {[%clk 1:02:38]} 17. Nxg5
{[%clk 1:11:43]} Qf6 {[%clk 1:03:03]} 18. e5 {[%clk 1:01:51]} dxe5
{[%clk 0:48:27]} 19. Nce4 {[%clk 0:59:14]} Qb6 {[%clk 0:48:53]} 20. a5
{[%clk 0:58:37]} Qg6 {[%clk 0:49:18]} 21. Nxc5 {[%clk 0:53:28]} Bb5
{[%clk 0:49:37]} 22. Rf3 {[%clk 0:52:05]} f4 {[%clk 0:47:05]} 23. Nh3
{[%clk 0:48:12]} Rad8 {[%clk 0:41:35]} 24. Qxb4 {[%clk 0:45:21]} Rxd5
{[%clk 0:41:57]} 25. Rxf4 {[%clk 0:31:33]} exf4 {[%clk 0:39:29]} 26. Nxf4
{[%clk 0:32:00]} Qd6 {[%clk 0:38:49]} 27. Nxd5 {[%clk 0:32:24]} Qxd5
{[%clk 0:39:12]} 28. Ne4 {[%clk 0:32:41]} f5 {[%clk 0:37:13]} 29. Nc3
{[%clk 0:29:43]} Qd2 {[%clk 0:36:54]} 30. Qh4 {[%clk 0:26:08]} Re8
{[%clk 0:25:08]} 31. Qg3+ {[%clk 0:22:35]} Kf7 {[%clk 0:23:29]} 32. Qc7+
{[%clk 0:15:02]} Kf6 {[%clk 0:21:20]} 33. Rxe8 {[%clk 0:12:51]} Bxe8
{[%clk 0:21:32]} 34. h3 {[%clk 0:11:41]} Bc6 {[%clk 0:21:32]} 35. Qg3
{[%clk 0:11:48]} Qxb2 {[%clk 0:13:32]} 36. Qd6+ {[%clk 0:12:09]} Kf7
{[%clk 0:13:58]} 37. Qc7+ {[%clk 0:12:18]} Kg6 {[%clk 0:14:21]} 38. Qg3+
{[%clk 0:09:39]} Kh5 {[%clk 0:14:22]} 39. Qg7 {[%clk 0:08:41]} Qc1+
{[%clk 0:14:13]} 40. Kh2 {[%clk 0:08:57]} Qf4+ {[%clk 0:13:49]} 41. Kg1
{[%clk 0:09:13]} h6 {[%clk 0:12:56]} 42. Qf7+ {[%clk 0:04:36]} Kh4
{[%clk 0:13:10]} 43. Ne2 {[%clk 0:01:39]} Qg5 {[%clk 0:11:48]} 44. Qc4+
{[%clk 0:01:37]} Be4 {[%clk 0:12:14]} 45. g3+ {[%clk 0:02:03]} Kxh3
{[%clk 0:12:27]} 46. Kf2 {[%clk 0:02:03]} Qg4 {[%clk 0:11:21]} 47. Qc3
{[%clk 0:01:52]} Kh2 {[%clk 0:11:19]} 48. Qe3 {[%clk 0:01:54]} h5
{[%clk 0:10:13]} 49. Ke1 {[%clk 0:01:58]} Qf3 {[%clk 0:10:16]} 50. Qg5
{[%clk 0:01:38]} Qh1+ {[%clk 0:07:22]} 51. Kd2 {[%clk 0:01:56]} Bf3
{[%clk 0:04:59]} 52. Qh4+ {[%clk 0:01:36]} Kg2 {[%clk 0:05:23]} 53. Qxh1+
{[%clk 0:00:52]} Kxh1 {[%clk 0:05:46]} 54. Nd4 {[%clk 0:01:21]} Kg2
{[%clk 0:04:49]} 55. Ke3 {[%clk 0:01:50]} Be4 {[%clk 0:05:02]} 56. Kf4
{[%clk 0:02:18]} Kf2 {[%clk 0:05:12]} 57. Ne6 {[%clk 0:02:37]} Ke2
{[%clk 0:04:39]} 58. Ng7 {[%clk 0:02:28]} Kd3 {[%clk 0:01:49]} 59. Nxh5
{[%clk 0:02:54]} Kc4 {[%clk 0:01:30]} 60. Nf6 {[%clk 0:01:55]} Bc2
{[%clk 0:01:39]} 61. Ne8 {[%clk 0:01:51]} Kc5 {[%clk 0:01:41]} 62. Ke5
{[%clk 0:01:32]} b6 {[%clk 0:00:44]} 63. axb6 {[%clk 0:01:59]} Kxb6
{[%clk 0:01:07]} 64. Kd4 {[%clk 0:01:46]} 1/2-1/2